That sinking feeling.... (Record no. 78943)

MARC details
000 -LEADER
fixed length control field 01122cab a22001935a 4500
001 - CONTROL NUMBER
control field L138640
008 - FIXED-LENGTH DATA ELEMENTS--GENERAL INFORMATION
fixed length control field 070628s2007 xxko f 000 0 eng d
035 ## - SYSTEM CONTROL NUMBER
System control number (Sirsi) u138640
041 0# - LANGUAGE CODE
Language code of text/sound track or separate title eng
100 1# - MAIN ENTRY--PERSONAL NAME
Personal name Morgan, Derek
245 00 - TITLE STATEMENT
Title That sinking feeling....
260 ## - PUBLICATION, DISTRIBUTION, ETC.
Date of publication, distribution, etc. 2007
490 ## - SERIES STATEMENT
Series statement The Estate Agent
Volume/sequential designation June 2007, 28-29(2)
520 ## - SUMMARY, ETC.
Summary, etc. Reports on problems with house buying and selling specific to the south west region. Cornwall was one of the most intensely mined areas in Europe between the 18th and 20th centuries. Therefore there is an increased risk of subsidence due to old mine workings. Archival Mine Reports and drilling investigations are relatively inexpensive precautions to take. Mundic concrete blocks, made from mine wastes and used for construction before 1950, are common in Cornwall and Devon. They are known to contain materials which deteriorate. Also due to mining, there is an increased incidence of contaminated land in the area.
590 ## - LOCAL NOTE (RLIN)
Local note KA
651 #4 - SUBJECT ADDED ENTRY--GEOGRAPHIC NAME
Geographic name England
Chronological subdivision 886-
690 ## - LOCAL SUBJECT ADDED ENTRY--TOPICAL TERM (OCLC, RLIN)
Topical term or geographic name as entry element PROPERTY-RESIDENTIAL PROPERTY-ACQUISITION AND DISPOSAL OF RESIDENTIAL PROPERTY
942 ## - ADDED ENTRY ELEMENTS (KOHA)
Suppress in OPAC 0
Holdings
Withdrawn status Lost status Source of classification or shelving scheme Damaged status Not for loan Home library Current library Shelving location Date acquired Total Checkouts Full call number Barcode Date last seen Copy number Price effective from Koha item type
    Dewey Decimal Classification     London London Journal article 28/06/2007   L138640 138640-1001 06/08/2019 1 06/08/2019 Journal article